NBA Top 50 PPG Leaders 2024-25 - Statistics

General Stats
  • This quiz has been taken 254 times
  • The average score is 35 of 50
Answer Stats
PPG Player % Correct
32.8 Shai Gilgeous-Alexander
98%
24.5 LeBron James
96%
29.7 Nikola Jokic
96%
27.3 Anthony Edwards
95%
30.4 Giannis Antetokounmpo
95%
24.6 Stephen Curry
90%
27.0 Jayson Tatum
87%
26.6 Kevin Durant
87%
22.4 Jaylen Brown
86%
25.5 Devin Booker
84%
26.3 Jalen Brunson
84%
22.5 James Harden
84%
24.3 Karl-Anthony Towns
81%
18.7 Tyrese Haliburton
81%
21.3 Jalen Williams
80%
24.0 Donovan Mitchell
79%
21.6 Jamal Murray
79%
25.7 Cade Cunningham
78%
24.1 Trae Young
78%
20.4 Coby White
76%
24.9 Damian Lillard
76%
23.5 De'Aaron Fox
75%
22.2 DeMar Derozan
75%
20.3 Pascal Siakam
75%
20.6 Darius Garland
74%
22.8 Zach Lavine
74%
21.5 Jalen Green
73%
17.8 Bam Adebayo
72%
19.0 Domantas Sabonis
70%
23.9 Tyler Herro
70%
19.0 Alperen Sengun
67%
18.5 Evan Mobley
67%
22.3 Jaren Jackson Jr.
67%
18.8 Julius Randle
66%
24.2 Franz Wagner
65%
20.6 Miles Bridges
63%
18.9 Scottie Barnes
63%
20.1 Austin Reaves
61%
18.8 Cameron Johnson
58%
20.6 Jordan Poole
58%
18.2 Michael Porter Jr.
56%
22.4 Norman Powell
51%
18.7 Desmond Bane
50%
18.5 Nikola Vucevic
48%
19.3 Anfernee Simons
46%
21.1 CJ McCollum
41%
18.2 Collin Sexton
33%
18.2 Andrew Wiggins
32%
18.3 Shaedon Sharpe
29%
21.4 RJ Barret
4%
No matching quizzes found
Score Distribution
Percent of People with Each Score
Percentile by Number Answered
Your Score History
You have not taken this quiz